[Event "HUN-ch"]
[Site "Budapest"]
[Date "1977.??.??"]
[Round "?"]
[White "Adorjan, Andras"]
[Black "Portisch, Ferenc"]
[Result "1/2-1/2"]
[WhiteElo "2530"]
[BlackElo "2425"]
[PlyCount "85"]
[EventDate "1977.11.??"]
[EventType "tourn"]
[EventRounds "17"]
[EventCountry "HUN"]
[EventCategory "8"]
[Source "ChessBase"]
[SourceDate "1999.07.01"]
[WhiteTeamCountry "CSR"]
[BlackTeamCountry "HUN"]

1. e4 c5 2. Nf3 e6 3. d4 cxd4 4. Nxd4 Nf6 5. Nc3 Nc6 6. Ndb5 d6 7. Bf4 e5 8.
Bg5 a6 9. Na3 b5 10. Bxf6 gxf6 11. Nd5 f5 12. Bd3 Be6 13. O-O Bg7 14. Qh5 f4
15. c4 bxc4 16. Nxc4 O-O 17. g3 Nd4 18. Ncb6 Rb8 19. gxf4 f5 20. Kh1 Rxb6 21.
Nxb6 Qxb6 22. Rg1 Qb7 23. f3 Rf6 24. Qe8+ Rf8 25. Qh5 d5 26. exf5 Bxf5 27. Bxf5
Rxf5 28. Qe8+ Rf8 29. Qxe5 Nxf3 30. Rxg7+ Qxg7 31. Qxd5+ Kh8 32. Qxf3 Qxb2 33.
Rf1 Qf6 34. Qe4 Rc8 35. a4 Qc6 36. Re1 Kg7 37. Kg2 Kf6 38. Kf3 Qxe4+ 39. Rxe4
Rc3+ 40. Kg4 h5+ 41. Kxh5 Kf5 42. Re5+ Kxf4 43. Ra5 1/2-1/2

[Event "HUN-ch"]
[Site "Budapest"]
[Date "1977.??.??"]
[Round "?"]
[White "Adorjan, Andras"]
[Black "Vadasz, Laszlo"]
[Result "1/2-1/2"]
[WhiteElo "2530"]
[BlackElo "2495"]
[PlyCount "40"]
[EventDate "1977.11.??"]
[EventType "tourn"]
[EventRounds "17"]
[EventCountry "HUN"]
[EventCategory "8"]
[Source "ChessBase"]
[SourceDate "1999.07.01"]
[WhiteTeamCountry "CSR"]
[BlackTeamCountry "HUN"]

1. e4 c6 2. Nc3 d5 3. d4 dxe4 4. Nxe4 Nd7 5. Bc4 Ngf6 6. Ng5 e6 7. Qe2 Nb6 8.
Bd3 h6 9. N5f3 c5 10. dxc5 Bxc5 11. Ne5 Nbd7 12. Ngf3 Qc7 13. O-O O-O 14. Bf4
Bd6 15. Nxd7 Bxd7 16. Bxd6 Qxd6 17. Ne5 Rad8 18. Rad1 Qb6 19. c3 Ba4 20. b3 Bc6
1/2-1/2

[Event "HUN-ch"]
[Site "Budapest"]
[Date "1977.??.??"]
[Round "?"]
[White "Barczay, Laszlo"]
[Black "Adorjan, Andras"]
[Result "1-0"]
[WhiteElo "2470"]
[BlackElo "2530"]
[PlyCount "81"]
[EventDate "1977.11.??"]
[EventType "tourn"]
[EventRounds "17"]
[EventCountry "HUN"]
[EventCategory "8"]
[Source "ChessBase"]
[SourceDate "1999.07.01"]
[WhiteTeamCountry "CSR"]
[BlackTeamCountry "HUN"]

1. e4 c5 2. Nf3 Nc6 3. Bb5 e6 4. O-O Nge7 5. b3 Nd4 6. Nxd4 cxd4 7. c3 a6 8.
Be2 Nc6 9. Bb2 Bc5 10. b4 Bb6 11. a4 d5 12. exd5 exd5 13. b5 Ne7 14. cxd4 O-O
15. Na3 Nf5 16. Nc2 Re8 17. Ra3 Be6 18. Rb3 a5 19. Bg4 Rc8 20. Bxf5 Bxf5 21.
Ne3 Be6 22. Qf3 Qd6 23. Rc3 Qd7 24. Rfc1 h6 25. h3 Ba7 26. h4 Kh8 27. g3 Kg8
28. Kg2 Bh3+ 29. Kh2 Be6 30. Rxc8 Rxc8 31. Rxc8+ Qxc8 32. Nxd5 Qd8 33. Nf4 Bxd4
34. Nxe6 fxe6 35. Qd3 e5 36. Bxd4 exd4 37. Qe4 b6 38. d3 Qd6 39. Qc6 Qb4 40.
Qxb6 Qxa4 41. Qe6+ 1-0

[Event "HUN-ch"]
[Site "Budapest"]
[Date "1977.??.??"]
[Round "?"]
[White "Csom, Istvan"]
[Black "Adorjan, Andras"]
[Result "1/2-1/2"]
[WhiteElo "2535"]
[BlackElo "2530"]
[PlyCount "24"]
[EventDate "1977.11.??"]
[EventType "tourn"]
[EventRounds "17"]
[EventCountry "HUN"]
[EventCategory "8"]
[Source "ChessBase"]
[SourceDate "1999.07.01"]
[WhiteTeamCountry "CSR"]
[BlackTeamCountry "HUN"]

1. c4 g6 2. Nc3 c5 3. g3 Bg7 4. Bg2 Nc6 5. d3 e6 6. Nh3 Nge7 7. Nf4 O-O 8. Qd2
b6 9. O-O Bb7 10. Rb1 Rb8 11. b3 Nd4 12. Bb2 Bxg2 1/2-1/2

[Event "HUN-ch"]
[Site "Budapest"]
[Date "1977.??.??"]
[Round "?"]
[White "Sapi, Laszlo"]
[Black "Adorjan, Andras"]
[Result "1/2-1/2"]
[WhiteElo "2420"]
[BlackElo "2530"]
[PlyCount "40"]
[EventDate "1977.11.??"]
[EventType "tourn"]
[EventRounds "17"]
[EventCountry "HUN"]
[EventCategory "8"]
[Source "ChessBase"]
[SourceDate "1999.07.01"]
[WhiteTeamCountry "CSR"]
[BlackTeamCountry "HUN"]

1. Nf3 g6 2. d4 Nf6 3. g3 Bg7 4. Bg2 O-O 5. O-O d6 6. b3 e5 7. dxe5 dxe5 8. Bb2
e4 9. Qxd8 Rxd8 10. Ng5 Bf5 11. Na3 h6 12. g4 Nxg4 13. Bxg7 hxg5 14. Bb2 Nc6
15. h3 Nge5 16. Rad1 a6 17. c4 f6 18. Nb1 Kf7 19. Nc3 Nd4 20. Kh2 Ndf3+ 1/2-1/2

[Event "HUN-ch"]
[Site "Budapest"]
[Date "1977.??.??"]
[Round "?"]
[White "Sax, Gyula"]
[Black "Adorjan, Andras"]
[Result "1/2-1/2"]
[WhiteElo "2565"]
[BlackElo "2530"]
[PlyCount "42"]
[EventDate "1977.11.??"]
[EventType "tourn"]
[EventRounds "17"]
[EventCountry "HUN"]
[EventCategory "8"]
[Source "ChessBase"]
[SourceDate "1999.07.01"]
[WhiteTeamCountry "CSR"]
[BlackTeamCountry "HUN"]

1. d4 Nf6 2. c4 e6 3. Nf3 b6 4. g3 Bb7 5. Bg2 Be7 6. Nc3 O-O 7. O-O Ne4 8. Nxe4
Bxe4 9. Ne1 Bxg2 10. Nxg2 d5 11. Qa4 dxc4 12. Qxc4 c5 13. Be3 cxd4 14. Qxd4
Qxd4 15. Bxd4 Nc6 16. Bc3 Bb4 17. Rfc1 Rfc8 18. Ne3 Bxc3 19. Rxc3 Nd4 20. Rxc8+
Rxc8 21. Kf1 Kf8 1/2-1/2

[Event "HUN-ch"]
[Site "Budapest"]
[Date "1977.??.??"]
[Round "?"]
[White "Schneider, Attila"]
[Black "Adorjan, Andras"]
[Result "1/2-1/2"]
[WhiteElo "2390"]
[BlackElo "2530"]
[PlyCount "47"]
[EventDate "1977.11.??"]
[EventType "tourn"]
[EventRounds "17"]
[EventCountry "HUN"]
[EventCategory "8"]
[Source "ChessBase"]
[SourceDate "1999.07.01"]
[WhiteTeamCountry "CSR"]
[BlackTeamCountry "HUN"]

1. d4 Nf6 2. c4 g6 3. Nc3 d5 4. Nf3 Bg7 5. e3 O-O 6. b4 b6 7. Bb2 c5 8. bxc5
bxc5 9. Rc1 cxd4 10. Nxd4 Bb7 11. Qb3 Qb6 12. c5 Qxb3 13. axb3 Nc6 14. Bb5 Rfc8
15. O-O e6 16. Ba3 Nd7 17. Nxc6 Bxc6 18. Ba6 Rcb8 19. b4 Bxc3 20. Rxc3 Ne5 21.
f4 Nc4 22. Bxc4 dxc4 23. Rd1 Bb5 24. Rd6 1/2-1/2

[Event "HUN-ch"]
[Site "Budapest"]
[Date "1977.??.??"]
[Round "?"]
[White "Tompa, Janos"]
[Black "Adorjan, Andras"]
[Result "1/2-1/2"]
[WhiteElo "2410"]
[BlackElo "2530"]
[PlyCount "34"]
[EventDate "1977.11.??"]
[EventType "tourn"]
[EventRounds "17"]
[EventCountry "HUN"]
[EventCategory "8"]
[Source "ChessBase"]
[SourceDate "1999.07.01"]
[WhiteTeamCountry "CSR"]
[BlackTeamCountry "HUN"]

1. e4 c5 2. c3 d5 3. exd5 Qxd5 4. d4 e6 5. Nf3 Nf6 6. Bd3 Be7 7. O-O O-O 8. Qe2
Nc6 9. dxc5 Rd8 10. Rd1 Qxc5 11. Bg5 Bd7 12. Nbd2 Be8 13. Bxf6 Bxf6 14. Ne4 Qe7
15. Nxf6+ Qxf6 16. Bb5 Rxd1+ 17. Rxd1 Rd8 1/2-1/2

[Event "Osijek"]
[Site "Osijek"]
[Date "1978.04.07"]
[Round "1"]
[White "Calvo Minguez, Ricardo"]
[Black "Adorjan, Andras"]
[Result "0-1"]
[WhiteElo "2455"]
[BlackElo "2515"]
[PlyCount "146"]
[EventDate "1978.04.07"]
[EventType "tourn"]
[EventRounds "13"]
[EventCountry "YUG"]
[EventCategory "9"]
[Source "ChessBase"]
[SourceDate "2009.11.30"]
[WhiteTeamCountry "CSR"]
[BlackTeamCountry "HUN"]

1. d4 Nf6 2. Nf3 e6 3. c4 b6 4. Nc3 Bb7 5. a3 d5 6. e3 Nbd7 7. cxd5 exd5 8. Bb5
a6 9. Ba4 Bd6 10. O-O O-O 11. b4 a5 12. b5 Ne4 13. Bb2 Qf6 14. Bb3 Nxc3 15.
Bxc3 Rae8 16. Qc2 Qh6 17. Qa2 Nf6 18. Ne5 Ne4 19. Qc2 Nxc3 20. Qxc3 f6 21. Nf3
Qh5 22. Rfe1 Kh8 23. h3 Re7 24. Qd3 Bc8 25. Bd1 Bf5 26. Qb3 Qf7 27. Nd2 Be6 28.
Qd3 Qg8 29. f4 g5 30. f5 Bc8 31. Bh5 Bd7 32. Rac1 Rd8 33. Rf1 Be8 34. Bd1 Bf7
35. Bf3 h5 36. Bd1 Rde8 37. Rc3 g4 38. h4 Rxe3 39. Qxe3 Rxe3 40. Rxe3 Qg7 41.
Kf2 Qh6 42. Ke2 Bf4 43. Rd3 Be8 44. a4 c6 45. bxc6 Bxc6 46. g3 Bd6 47. Re3 b5
48. Bc2 bxa4 49. Ra1 a3 50. Nb1 Bb5+ 51. Bd3 Bxd3+ 52. Kxd3 Qh7 53. Nxa3 Qxf5+
54. Ke2 Kg7 55. Ra2 Qd7 56. Rd2 Qc7 57. Rdd3 Bb4 58. Kd1 a4 59. Nc2 Bd6 60. Rc3
Qb8 61. Kc1 Kg6 62. Red3 Qb5 63. Kd2 Qb2 64. Rc6 Bb4+ 65. Kd1 a3 66. Nxb4 Qxb4
67. Ra6 a2 68. Rda3 Qxd4+ 69. Kc2 Qf2+ 70. Kb3 a1=N+ 71. Rxa1 Qxg3+ 72. Kc2
Qxh4 73. Rf1 g3 0-1

[Event "Osijek"]
[Site "Osijek"]
[Date "1978.04.10"]
[Round "4"]
[White "Sax, Gyula"]
[Black "Adorjan, Andras"]
[Result "1/2-1/2"]
[WhiteElo "2550"]
[BlackElo "2515"]
[PlyCount "49"]
[EventDate "1978.04.07"]
[EventType "tourn"]
[EventRounds "13"]
[EventCountry "YUG"]
[EventCategory "9"]
[Source "ChessBase"]
[SourceDate "2009.11.30"]
[WhiteTeamCountry "CSR"]
[BlackTeamCountry "HUN"]

1. e4 c5 2. Nf3 d6 3. d4 Nf6 4. Nc3 cxd4 5. Nxd4 a6 6. Be3 Nc6 7. Be2 e6 8. O-O
Bd7 9. f4 Qc7 10. Kh1 Be7 11. Qe1 b5 12. a3 O-O 13. Qg3 Nxd4 14. Bxd4 Bc6 15.
Rae1 Qb7 16. Bd3 b4 17. axb4 Qxb4 18. Ne2 Qb7 19. Nc3 Qb4 20. Ne2 Qb7 21. e5
Nh5 22. Qh3 g6 23. Ng3 dxe5 24. Bxe5 Ng7 25. Re2 1/2-1/2

[Event "Osijek"]
[Site "Osijek"]
[Date "1978.04.13"]
[Round "6"]
[White "Diesen, Mark"]
[Black "Adorjan, Andras"]
[Result "1/2-1/2"]
[WhiteElo "2440"]
[BlackElo "2515"]
[PlyCount "79"]
[EventDate "1978.04.07"]
[EventType "tourn"]
[EventRounds "13"]
[EventCountry "YUG"]
[EventCategory "9"]
[Source "ChessBase"]
[SourceDate "2009.11.30"]
[WhiteTeamCountry "CSR"]
[BlackTeamCountry "HUN"]

1. e4 c5 2. Nf3 Nc6 3. c3 d5 4. exd5 Qxd5 5. d4 e6 6. Bd3 Nf6 7. O-O Be7 8. Na3
O-O 9. Nc2 b6 10. c4 Qd8 11. dxc5 bxc5 12. Bf4 Qb6 13. Qe2 Rd8 14. Rfe1 h6 15.
Ne5 Nxe5 16. Bxe5 Bb7 17. Bc3 Nd7 18. Be4 Bxe4 19. Qxe4 Bf6 20. Qe3 Bxc3 21.
Qxc3 Nb8 22. a3 a5 23. b4 axb4 24. axb4 Rxa1 25. Rxa1 cxb4 26. Qxb4 Qc7 27. Ne3
Nc6 28. Qc5 Rc8 29. h3 Qe5 30. Qxe5 Nxe5 31. Rc1 f5 32. Re1 Rc5 33. Nf1 Nd3 34.
Rxe6 Rxc4 35. Rd6 Rc3 36. Ne3 Rc1+ 37. Kh2 Nxf2 38. Rd8+ Kf7 39. Nxf5 Ne4 40.
Rd4 1/2-1/2

[Event "Osijek"]
[Site "Osijek"]
[Date "1978.04.15"]
[Round "8"]
[White "Smederevac, Petar"]
[Black "Adorjan, Andras"]
[Result "1/2-1/2"]
[WhiteElo "2335"]
[BlackElo "2515"]
[PlyCount "53"]
[EventDate "1978.04.07"]
[EventType "tourn"]
[EventRounds "13"]
[EventCountry "YUG"]
[EventCategory "9"]
[Source "ChessBase"]
[SourceDate "2009.11.30"]
[WhiteTeamCountry "CSR"]
[BlackTeamCountry "HUN"]

1. e4 c5 2. Nc3 Nc6 3. g3 g6 4. Bg2 Bg7 5. d3 d6 6. Be3 Rb8 7. Qd2 b5 8. f4 b4
9. Nd1 e6 10. Nf3 Nge7 11. O-O a5 12. d4 cxd4 13. Nxd4 Nxd4 14. Bxd4 e5 15.
fxe5 dxe5 16. Be3 Qxd2 17. Bxd2 O-O 18. a3 Nc6 19. axb4 axb4 20. c3 bxc3 21.
bxc3 Be6 22. Ne3 Bh6 23. Bc1 Ra8 24. Rxa8 Rxa8 25. Nd5 Bxc1 26. Rxc1 Ra2 27.
Bf1 1/2-1/2

[Event "Osijek"]
[Site "Osijek"]
[Date "1978.04.17"]
[Round "9"]
[White "Adorjan, Andras"]
[Black "Marovic, Drazen"]
[Result "1/2-1/2"]
[WhiteElo "2515"]
[BlackElo "2455"]
[PlyCount "44"]
[EventDate "1978.04.07"]
[EventType "tourn"]
[EventRounds "13"]
[EventCountry "YUG"]
[EventCategory "9"]
[Source "ChessBase"]
[SourceDate "2009.11.30"]
[WhiteTeamCountry "CSR"]
[BlackTeamCountry "HUN"]

1. e4 e5 2. Nf3 Nc6 3. Bb5 Nf6 4. O-O Nxe4 5. d4 Nd6 6. Bxc6 dxc6 7. dxe5 Nf5
8. Qxd8+ Kxd8 9. Nc3 h6 10. b3 Ke8 11. Bb2 Be6 12. Ne2 Bd5 13. Nd2 Rd8 14. Rad1
g5 15. c4 Be6 16. Ne4 Be7 17. N2g3 Nxg3 18. hxg3 Rxd1 19. Rxd1 a5 20. Nd6+ cxd6
21. exd6 Rg8 22. dxe7 Kxe7 1/2-1/2

[Event "Osijek"]
[Site "Osijek"]
[Date "1978.04.18"]
[Round "10"]
[White "Kurajica, Bojan"]
[Black "Adorjan, Andras"]
[Result "1/2-1/2"]
[WhiteElo "2530"]
[BlackElo "2515"]
[PlyCount "48"]
[EventDate "1978.04.07"]
[EventType "tourn"]
[EventRounds "13"]
[EventCountry "YUG"]
[EventCategory "9"]
[Source "ChessBase"]
[SourceDate "2009.11.30"]
[WhiteTeamCountry "CSR"]
[BlackTeamCountry "HUN"]

1. e4 c5 2. Nf3 Nc6 3. d4 cxd4 4. Nxd4 Nf6 5. Nc3 e5 6. Ndb5 d6 7. Bg5 a6 8.
Na3 b5 9. Nd5 Be7 10. Nxe7 Qxe7 11. c3 h6 12. Bxf6 Qxf6 13. Nc2 Rb8 14. Be2 O-O
15. O-O Rd8 16. Ne3 Ne7 17. a4 bxa4 18. Qxa4 Rxb2 19. Bxa6 Be6 20. Bc4 Bxc4 21.
Qxc4 Rc8 22. Qd3 Rb3 23. Rfc1 Rb2 24. Rf1 Rb3 1/2-1/2

[Event "Osijek"]
[Site "Osijek"]
[Date "1978.04.19"]
[Round "11"]
[White "Adorjan, Andras"]
[Black "Gligoric, Svetozar"]
[Result "1/2-1/2"]
[WhiteElo "2515"]
[BlackElo "2565"]
[PlyCount "104"]
[EventDate "1978.04.07"]
[EventType "tourn"]
[EventRounds "13"]
[EventCountry "YUG"]
[EventCategory "9"]
[Source "ChessBase"]
[SourceDate "2009.11.30"]
[WhiteTeamCountry "CSR"]
[BlackTeamCountry "HUN"]

1. e4 e5 2. Nf3 Nc6 3. Bb5 a6 4. Ba4 Nf6 5. O-O Be7 6. Re1 b5 7. Bb3 d6 8. c3
O-O 9. d4 Bg4 10. d5 Na5 11. Bc2 c6 12. h3 Bxf3 13. Qxf3 cxd5 14. exd5 Nc4 15.
Nd2 Nb6 16. Nf1 Ne8 17. a4 g6 18. Bh6 Ng7 19. axb5 axb5 20. Bd3 b4 21. cxb4
Rxa1 22. Rxa1 Bg5 23. Bxg5 Qxg5 24. Ra7 Qf4 25. Qxf4 exf4 26. b5 Rb8 27. Nd2
Ne8 28. Nc4 Nxc4 29. Bxc4 Kf8 30. Rd7 Rb6 31. Ra7 Rb8 32. Rd7 Rb6 33. b3 Nf6
34. Rc7 Rb8 35. Kf1 Ke8 36. Rc6 Ke7 37. Ke2 Nd7 38. Rc7 Kd8 39. Ra7 Ne5 40. Kd2
Kc8 41. Kc3 Rb7 42. Ra6 Kc7 43. Kd4 f5 44. Kc3 Rb6 45. Ra1 Rb8 46. Kb4 Kb7 47.
Ra6 Rd8 48. Ka5 g5 49. Rb6+ Kc7 50. Ra6 Kb7 51. Rb6+ Kc7 52. Ra6 Kb7 1/2-1/2

[Event "Osijek"]
[Site "Osijek"]
[Date "1978.04.20"]
[Round "12"]
[White "Hulak, Krunoslav"]
[Black "Adorjan, Andras"]
[Result "0-1"]
[WhiteElo "2525"]
[BlackElo "2515"]
[PlyCount "86"]
[EventDate "1978.04.07"]
[EventType "tourn"]
[EventRounds "13"]
[EventCountry "YUG"]
[EventCategory "9"]
[Source "ChessBase"]
[SourceDate "2009.11.30"]
[WhiteTeamCountry "CSR"]
[BlackTeamCountry "HUN"]

1. e4 c5 2. Nf3 Nc6 3. c3 d5 4. exd5 Qxd5 5. d4 e6 6. Bd3 Nf6 7. O-O Be7 8.
dxc5 O-O 9. Qc2 Rd8 10. Rd1 Qxc5 11. Bg5 h6 12. Bxf6 Bxf6 13. Nbd2 Be7 14. Bh7+
Kh8 15. Be4 Bd7 16. Nb3 Qb6 17. Qe2 Qc7 18. Qe3 Bf6 19. g3 Kg8 20. Rd2 Be8 21.
Rad1 Rxd2 22. Rxd2 Rd8 23. Kg2 b6 24. Rxd8 Qxd8 25. Nbd4 Ne7 26. c4 Qc7 27. b3
Qc5 28. a4 a6 29. Bb7 g5 30. Nc2 Qc7 31. Bxa6 Nf5 32. Qd3 Bc6 33. Kg1 Ba8 34.
g4 Qf4 35. gxf5 Bxf3 36. Ne1 Be4 37. Qe3 Qg4+ 38. Kf1 Bd4 39. Qg3 Qxf5 40. c5
Bxc5 41. Bd3 Kg7 42. h4 Bxf2 43. Bxe4 Bxe1+ 0-1

[Event "Osijek"]
[Site "Osijek"]
[Date "1978.04.22"]
[Round "13"]
[White "Adorjan, Andras"]
[Black "Kosanski, Stanko"]
[Result "1-0"]
[WhiteElo "2515"]
[BlackElo "2360"]
[PlyCount "133"]
[EventDate "1978.04.07"]
[EventType "tourn"]
[EventRounds "13"]
[EventCountry "YUG"]
[EventCategory "9"]
[Source "ChessBase"]
[SourceDate "2009.11.30"]
[WhiteTeamCountry "CSR"]
[BlackTeamCountry "HUN"]

1. e4 g6 2. d4 c6 3. Nf3 Bg7 4. c3 d6 5. Nbd2 Nf6 6. Bd3 O-O 7. O-O Qc7 8. a4
c5 9. b4 cxb4 10. cxb4 Bg4 11. Ba3 Nc6 12. h3 Bxf3 13. Nxf3 Nd7 14. Rc1 Qb6 15.
a5 Qd8 16. Bb5 Rc8 17. Qa4 Ndb8 18. d5 Nd4 19. Nxd4 Bxd4 20. Rxc8 Qxc8 21. Rc1
Qd8 22. Qc2 a6 23. Be2 e5 24. Bg4 h5 25. Bc8 b5 26. Bb2 Bxb2 27. Qxb2 Qe7 28.
Rc3 Qa7 29. Qd2 Kg7 30. Qe3 Qd4 31. Qxd4 exd4 32. Rc7 Kf6 33. f3 Re8 34. Kf2
Ke5 35. Bb7 f5 36. Rf7 h4 37. exf5 gxf5 38. Rh7 Kf6 39. Rxh4 d3 40. Rh6+ Kf7
41. Re6 Rg8 42. Ke3 Rxg2 43. Kxd3 Rf2 44. Ke3 Rb2 45. Rxd6 Rb3+ 46. Kf4 Rxb4+
47. Kxf5 Ke7 48. Re6+ Kd8 49. Bxa6 Nd7 50. h4 Rd4 51. Rd6 Ke7 52. Rxd7+ Kxd7
53. Bxb5+ Kd6 54. Bc6 Rxh4 55. a6 Rh7 56. Kg6 Re7 57. f4 Kc5 58. f5 Kb6 59. f6
Re1 60. Bb7 Rg1+ 61. Kf5 Rf1+ 62. Ke6 Re1+ 63. Kf7 Rd1 64. Kf8 Kc7 65. f7 Ra1
66. Bc6 Kb6 67. Bd7 1-0

[Event "IBM"]
[Site "Amsterdam"]
[Date "1978.??.??"]
[Round "1"]
[White "Adorjan, Andras"]
[Black "Pfleger, Helmut"]
[Result "1/2-1/2"]
[WhiteElo "2515"]
[BlackElo "2530"]
[PlyCount "45"]
[EventDate "1978.07.12"]
[EventType "tourn"]
[EventRounds "13"]
[EventCountry "NED"]
[EventCategory "12"]
[Source "ChessBase"]
[SourceDate "1999.07.01"]
[WhiteTeamCountry "CSR"]
[BlackTeamCountry "HUN"]

1. e4 c6 2. d4 d5 3. Nd2 dxe4 4. Nxe4 Nd7 5. Nf3 Ngf6 6. Ng3 e6 7. Bd3 c5 8.
O-O Be7 9. b3 O-O 10. Bb2 b6 11. Qe2 Bb7 12. c4 cxd4 13. Nxd4 Qc7 14. Rad1 Rfe8
15. Bb1 a6 16. Ne4 Nxe4 17. Bxe4 Bxe4 18. Qxe4 Bf6 19. Rd2 Nc5 20. Qc2 Rad8 21.
Rfd1 Bg5 22. Re2 Bf6 23. Red2 1/2-1/2

[Event "IBM"]
[Site "Amsterdam"]
[Date "1978.??.??"]
[Round "4"]
[White "Nikolac, Juraj"]
[Black "Adorjan, Andras"]
[Result "0-1"]
[WhiteElo "2495"]
[BlackElo "2515"]
[PlyCount "82"]
[EventDate "1978.07.12"]
[EventType "tourn"]
[EventRounds "13"]
[EventCountry "NED"]
[EventCategory "12"]
[Source "ChessBase"]
[SourceDate "1999.07.01"]
[WhiteTeamCountry "CSR"]
[BlackTeamCountry "HUN"]

1. d4 Nf6 2. c4 e6 3. Nc3 Bb4 4. e3 b6 5. Nge2 Ba6 6. Ng3 Bxc3+ 7. bxc3 d5 8.
Ba3 Bxc4 9. Bxc4 dxc4 10. Qa4+ Qd7 11. Qxc4 Qc6 12. Qxc6+ Nxc6 13. Ke2 O-O-O
14. Rhc1 Rd7 15. c4 Rhd8 16. Rab1 Kb7 17. Bb2 Ne8 18. Ne4 Nd6 19. Nd2 f5 20.
Nb3 Ne4 21. a4 a5 22. f3 Nf6 23. Ba3 Ka7 24. Rc2 Rc8 25. g3 g5 26. Rbc1 Kb7 27.
c5 Nd5 28. Rb2 Ka7 29. Nd2 f4 30. e4 Ndb4 31. Bxb4 axb4 32. Nb3 Nxd4+ 33. Nxd4
Rxd4 34. Rbc2 c6 35. cxb6+ Kxb6 36. Rc5 b3 37. a5+ Ka6 38. Ra1 h6 39. Re5 Rcd8
40. Rxe6 b2 41. Rxc6+ Ka7 0-1

[Event "IBM"]
[Site "Amsterdam"]
[Date "1978.??.??"]
[Round "6"]
[White "Adorjan, Andras"]
[Black "Timman, Jan H"]
[Result "0-1"]
[WhiteElo "2515"]
[BlackElo "2585"]
[PlyCount "114"]
[EventDate "1978.07.12"]
[EventType "tourn"]
[EventRounds "13"]
[EventCountry "NED"]
[EventCategory "12"]
[Source "ChessBase"]
[SourceDate "1999.07.01"]
[WhiteTeamCountry "CSR"]
[BlackTeamCountry "HUN"]

1. c4 e5 2. Nc3 Nf6 3. Nf3 Nc6 4. e3 Bb4 5. Qc2 O-O 6. Nd5 a5 7. a3 Bc5 8. Ng5
g6 9. Nxf6+ Qxf6 10. Ne4 Qe7 11. Be2 d6 12. b3 Ba7 13. O-O f5 14. Nc3 f4 15.
Nd5 Qg5 16. Kh1 Bh3 17. gxh3 f3 18. Bxf3 Rxf3 19. Qe4 Raf8 20. Qg4 Qd8 21. Bb2
Rxf2 22. Kg1 R2f5 23. Rxf5 Rxf5 24. Rf1 Rxf1+ 25. Kxf1 Kf7 26. Ke2 Nb8 27. b4
axb4 28. axb4 c6 29. Nc3 h5 30. Qf3+ Qf6 31. b5 Qxf3+ 32. Kxf3 Nd7 33. Ne4 Bb8
34. bxc6 bxc6 35. Ba3 d5 36. cxd5 cxd5 37. Ng5+ Kf6 38. h4 e4+ 39. Kg2 Ne5 40.
Bb2 Kf5 41. h3 Bc7 42. Bc3 Bd6 43. Kf2 Nd3+ 44. Kg2 Be7 45. Ba5 Bxg5 46. hxg5
Kxg5 47. Kg3 h4+ 48. Kg2 Kh5 49. Bd8 g5 50. Bf6 g4 51. hxg4+ Kxg4 52. Bc3 h3+
53. Kh2 Ne1 54. Kg1 Kg3 55. Be5+ Kf3 56. Kf1 Nd3 57. Bc7 Nb2 0-1

[Event "IBM"]
[Site "Amsterdam"]
[Date "1978.??.??"]
[Round "8"]
[White "Adorjan, Andras"]
[Black "Langeweg, Kristian"]
[Result "0-1"]
[WhiteElo "2515"]
[BlackElo "2450"]
[PlyCount "103"]
[EventDate "1978.07.12"]
[EventType "tourn"]
[EventRounds "13"]
[EventCountry "NED"]
[EventCategory "12"]
[Source "ChessBase"]
[SourceDate "1999.07.01"]
[WhiteTeamCountry "CSR"]
[BlackTeamCountry "HUN"]

1. c4 c5 2. Nf3 Nf6 3. Nc3 d5 4. cxd5 Nxd5 5. e4 Nb4 6. Bc4 Be6 7. Bxe6 Nd3+ 8.
Kf1 fxe6 9. Ng5 Nc6 10. Nxe6 Qd7 11. Nd5 Rc8 12. Qh5+ g6 13. Qh3 c4 14. b3 Nd8
15. Nxd8 Qxh3 16. gxh3 Kxd8 17. bxc4 b5 18. Rb1 e6 19. Ne3 Bc5 20. Ke2 bxc4 21.
Nxc4 Nf4+ 22. Kf3 Rf8 23. Ba3 Nh5+ 24. Ke2 Rxf2+ 25. Ke1 Nf4 26. Bxc5 Nd3+ 27.
Kd1 Rxc5 28. Rb3 Nf4 29. Nb2 Re5 30. Nd3 Nxd3 31. Rxd3+ Ke7 32. Re3 Rg5 33. Re2
Rf3 34. Kc2 Ra5 35. Kb2 Rfa3 36. Ra1 e5 37. Re3 Rxe3 38. dxe3 Ra4 39. Rc1 Kd6
40. Rd1+ Ke6 41. Rc1 Rxe4 42. Rc6+ Kf5 43. Rc7 Rh4 44. Rxa7 Rxh3 45. a4 Rxh2+
46. Kc3 h5 47. Kd3 Ra2 48. a5 h4 49. a6 Kg4 50. Ra8 Ra4 51. a7 g5 52. e4 0-1

[Event "IBM"]
[Site "Amsterdam"]
[Date "1978.??.??"]
[Round "10"]
[White "Adorjan, Andras"]
[Black "Miles, Anthony"]
[Result "1-0"]
[WhiteElo "2515"]
[BlackElo "2565"]
[PlyCount "41"]
[EventDate "1978.07.12"]
[EventType "tourn"]
[EventRounds "13"]
[EventCountry "NED"]
[EventCategory "12"]
[Source "ChessBase"]
[SourceDate "1999.07.01"]
[WhiteTeamCountry "CSR"]
[BlackTeamCountry "HUN"]

1. e4 c5 2. Nf3 e6 3. d4 cxd4 4. Nxd4 a6 5. Bd3 Nc6 6. Nxc6 dxc6 7. Nd2 e5 8.
Nc4 Nf6 9. O-O Bg4 10. Qe1 Nd7 11. f4 Bc5+ 12. Kh1 exf4 13. Bxf4 O-O 14. e5 Bh5
15. e6 Nf6 16. Bg5 Be7 17. Qh4 b5 18. Ne5 Qd5 19. Bxf6 Bxf6 20. Qxh5 g6 21. Nd7
1-0

[Event "IBM"]
[Site "Amsterdam"]
[Date "1978.??.??"]
[Round "11"]
[White "Romanishin, Oleg"]
[Black "Adorjan, Andras"]
[Result "1-0"]
[WhiteElo "2610"]
[BlackElo "2515"]
[PlyCount "81"]
[EventDate "1978.07.12"]
[EventType "tourn"]
[EventRounds "13"]
[EventCountry "NED"]
[EventCategory "12"]
[Source "ChessBase"]
[SourceDate "1999.07.01"]
[WhiteTeamCountry "CSR"]
[BlackTeamCountry "HUN"]

1. d4 Nf6 2. Nf3 g6 3. c4 Bg7 4. g3 O-O 5. Bg2 d6 6. O-O Nc6 7. Nc3 a6 8. Nd5
Nd7 9. Be3 b5 10. cxb5 axb5 11. Rc1 Bb7 12. Nxc7 Qxc7 13. d5 Ndb8 14. dxc6 Nxc6
15. Nd4 Bxd4 16. Qxd4 Nxd4 17. Rxc7 Bxg2 18. Kxg2 Nf5 19. Ba7 d5 20. a3 Rfc8
21. Rfc1 Nd6 22. R1c6 b4 23. Rxc8+ Nxc8 24. Bc5 bxa3 25. Bxa3 Rb8 26. Rc5 Nb6
27. Rc7 Nc4 28. Bxe7 Nxb2 29. Bf6 Na4 30. Rd7 Nb6 31. Rd6 Kf8 32. Bd4 Nc4 33.
Rxd5 Ke7 34. Bc5+ Ke6 35. Rd4 Na5 36. Rd6+ Ke5 37. f4+ Ke4 38. Rd4+ Kf5 39.
Rd5+ Ke6 40. Re5+ Kd7 41. Ba7 1-0

[Event "IBM"]
[Site "Amsterdam"]
[Date "1978.??.??"]
[Round "12"]
[White "Adorjan, Andras"]
[Black "Ree, Hans"]
[Result "1/2-1/2"]
[WhiteElo "2515"]
[BlackElo "2500"]
[PlyCount "31"]
[EventDate "1978.07.12"]
[EventType "tourn"]
[EventRounds "13"]
[EventCountry "NED"]
[EventCategory "12"]
[Source "ChessBase"]
[SourceDate "1999.07.01"]
[WhiteTeamCountry "CSR"]
[BlackTeamCountry "HUN"]

1. c4 e6 2. Nc3 d5 3. d4 Be7 4. Nf3 Nf6 5. Bg5 O-O 6. e3 Nbd7 7. Rc1 c6 8. a3
Ne4 9. Bxe7 Qxe7 10. Bd3 Nxc3 11. Rxc3 dxc4 12. Rxc4 e5 13. Qc2 g6 14. O-O exd4
15. Rxd4 Nf6 16. b4 1/2-1/2